Les personnages oubliés d'Harry Potter - Statistiques

Statistiques générales
  • Ce quiz a été pris 36 fois
  • Le résultat moyen est 6 sur 22
Statistiques - réponses
Réponse % Correct
Peeves
67%
Winky
57%
Charlie Weasley
47%
Arianna Dumbledore
37%
Ted Tonks
37%
Andromeda Tonks
33%
Regulus Black
33%
Elvis Gaunt
30%
Ludo Verpey
30%
Merope Gaunt
30%
Morfin Gaunt
30%
Hepzibah Smith
23%
Professeur Binns
23%
Coquecigrue
20%
Hokey
20%
Phineas Nigellus Black
20%
Walburga Black
20%
Augusta Longdubat
10%
Marietta Edgecombe
7%
Piers Polkiss
7%
La goule en pyjama
3%
Les gnomes de jardins
3%
Aucun quiz correspondant
Distribution des résultats
% des personnes avec chaque résultat
Percentile par nombre de réponses
Votre historique - résultats
Vous n’avez pas pris ce quiz